[Event "Guelph op"]
[Site "Guelph CAN"]
[Date "2005.07.29"]
[Round "4"]
[White "Filipovich, David"]
[Black "Tayar, Jonathan"]
[Result "1/2-1/2"]
[WhiteElo "2218"]
[BlackElo "2160"]
[WhiteFideId "-1"]
[WhiteFideId "-1"]
[PlyCount "123"]
[GameId "2160767910900910"]
[EventDate "2005.07.28"]
[EventType "swiss"]
[EventRounds "9"]
[EventCountry "CAN"]
[SourceTitle "CBM 107 Extra"]
[Source "ChessBase"]
[SourceDate "2005.09.01"]
[SourceVersion "1"]
[SourceVersionDate "2005.09.01"]
[SourceQuality "1"]

1. Nf3 Nf6 2. g3 g6 3. Bg2 Bg7 4. O-O O-O 5. d4 d6 6. b3 Nbd7 7. Bb2 e5 8. dxe5 Ng4 9. Qc1 Ndxe5 10. Nxe5 Nxe5 11. f4 Nc6 12. Bxg7 Kxg7 13. Nc3 Bd7 14. Qd2 Rb8 15. e4 f6 16. Rae1 Ne7 17. e5 dxe5 18. fxe5 f5 19. e6 Bc6 20. Qe3 Bxg2 21. Kxg2 Qd6 22. Rd1 Qc6+ 23. Kh3 Rbd8 24. Qg5 Rde8 25. Qe3 Rf6 26. Qe5 g5 27. Nd5 g4+ 28. Kg2 Nxd5 29. Qxd5 Rexe6 30. Qxc6 Rxc6 31. Rd7+ Kg6 32. Rf2 Rfd6 33. Re7 Re6 34. Rd7 Rc3 35. Rd5 Rec6 36. Rdd2 R6c5 37. a4 h5 38. h3 gxh3+ 39. Kxh3 Kg5 40. Kg2 Re3 41. Rd8 Rec3 42. Rdd2 c6 43. Rd7 Rxc2 44. Rg7+ Kf6 45. Rxb7 a5 46. Rb6 Ke5 47. b4 axb4 48. Rxb4 Rxf2+ 49. Kxf2 Rc2+ 50. Ke3 Rc3+ 51. Kf2 Kf6 52. a5 Ra3 53. Rc4 Rxa5 54. Rxc6+ Kg5 55. Rc2 h4 56. gxh4+ Kxh4 57. Rc3 Kg4 58. Rb3 Ra2+ 59. Kf1 f4 60. Rc3 Ra7 61. Rb3 Rg7 62. Ra3 1/2-1/2

[Event "Guelph op"]
[Site "Guelph CAN"]
[Date "2005.07.30"]
[Round "6"]
[White "Kret, Ted"]
[Black "Tayar, Jonathan"]
[Result "0-1"]
[WhiteElo "2151"]
[BlackElo "2160"]
[WhiteFideId "-1"]
[WhiteFideId "-1"]
[PlyCount "74"]
[GameId "2160767910900944"]
[EventDate "2005.07.28"]
[EventType "swiss"]
[EventRounds "9"]
[EventCountry "CAN"]
[SourceTitle "CBM 107 Extra"]
[Source "ChessBase"]
[SourceDate "2005.09.01"]
[SourceVersion "1"]
[SourceVersionDate "2005.09.01"]
[SourceQuality "1"]

1. d4 Nf6 2. c4 g6 3. Nc3 Bg7 4. e4 d6 5. f4 O-O 6. Nf3 c5 7. d5 e6 8. Be2 exd5 9. cxd5 Bg4 10. O-O Nbd7 11. Re1 Re8 12. h3 Bxf3 13. Bxf3 Qa5 14. Be3 b5 15. Qc2 b4 16. Ne2 Qb6 17. Bf2 a5 18. Rad1 a4 19. Qb1 Rac8 20. g4 h6 21. Kg2 Qa6 22. h4 Nh7 23. g5 h5 24. Ng3 c4 25. Be2 Qa5 26. Rc1 c3 27. bxc3 bxc3 28. Qd3 Nc5 29. Qf3 Nf8 30. Bd1 Nfd7 31. Bc2 Rb8 32. e5 dxe5 33. f5 e4 34. Nxe4 Ne5 35. Qe3 Nxe4 36. Qxe4 Rb4 37. Bd4 gxf5 0-1

[Event "Guelph op"]
[Site "Guelph CAN"]
[Date "2005.07.31"]
[Round "7"]
[White "Thavandiran, Shiyam"]
[Black "Tayar, Jonathan"]
[Result "0-1"]
[WhiteElo "2191"]
[BlackElo "2160"]
[WhiteFideId "-1"]
[WhiteFideId "-1"]
[PlyCount "52"]
[GameId "2160767910900967"]
[EventDate "2005.07.28"]
[EventType "swiss"]
[EventRounds "9"]
[EventCountry "CAN"]
[SourceTitle "CBM 107 Extra"]
[Source "ChessBase"]
[SourceDate "2005.09.01"]
[SourceVersion "1"]
[SourceVersionDate "2005.09.01"]
[SourceQuality "1"]

1. e4 c5 2. Nc3 d6 3. Nf3 Nf6 4. d4 cxd4 5. Nxd4 a6 6. Be3 e6 7. g4 e5 8. Nf5 g6 9. g5 gxf5 10. exf5 d5 11. Qe2 Ne4 12. Nxe4 dxe4 13. Bh3 Nc6 14. Rd1 Qc7 15. Qh5 Bd7 16. O-O O-O-O 17. Qxf7 Bd6 18. Qd5 Be7 19. Qxe4 Bxg5 20. Bxg5 Rdg8 21. Qh4 h6 22. Rxd7 Kxd7 23. f6+ Ke8 24. Be6 Rxg5+ 25. Kh1 Nd4 26. Bd5 Qd7 0-1

[Event "Guelph op"]
[Site "Guelph CAN"]
[Date "2005.07.31"]
[Round "8"]
[White "Tayar, Jonathan"]
[Black "Divljan, Igor"]
[Result "0-1"]
[WhiteElo "2160"]
[BlackElo "2313"]
[WhiteFideId "-1"]
[WhiteFideId "-1"]
[PlyCount "124"]
[GameId "2160767910900981"]
[EventDate "2005.07.28"]
[EventType "swiss"]
[EventRounds "9"]
[EventCountry "CAN"]
[SourceTitle "CBM 107 Extra"]
[Source "ChessBase"]
[SourceDate "2005.09.01"]
[SourceVersion "1"]
[SourceVersionDate "2005.09.01"]
[SourceQuality "1"]

1. e4 c5 2. Nf3 e6 3. d4 cxd4 4. Nxd4 Nc6 5. Nc3 Qc7 6. Be3 a6 7. Qd2 Nf6 8. O-O-O Bb4 9. f3 Ne5 10. Nb3 b5 11. Qe1 Be7 12. f4 Ng6 13. e5 Ng4 14. Bd4 O-O 15. h3 Nh6 16. g3 Bb7 17. Rg1 Bc6 18. h4 Rfb8 19. h5 Nf8 20. Bd3 a5 21. Kb1 a4 22. Nc1 b4 23. N3e2 b3 24. cxb3 axb3 25. axb3 Bb4 26. Nc3 Nf5 27. Bf2 Bf3 28. Be2 Bxe2 29. N1xe2 Qa5 30. g4 Ne7 31. Bd4 Nd5 32. Nc1 Rc8 33. Kc2 Bxc3 34. bxc3 Nb4+ 35. Kd2 Qa1 36. Ke2 Nc2 37. Qd2 Nxd4+ 38. cxd4 Qb1 39. Ke3 Rc2 40. Qd3 Rac8 41. Ne2 Qa2 42. Rd2 Rxd2 43. Qxd2 Qxb3+ 44. Qd3 Qb4 45. Rb1 Qe7 46. Kf3 Qh4 47. Ng3 h6 48. Rh1 Qe7 49. Rb1 Qh4 50. Rh1 Qd8 51. Rb1 d6 52. Ne4 dxe5 53. fxe5 Qd5 54. Rb5 Qa2 55. Rc5 Rb8 56. Rc2 Qb1 57. Rd2 Rb3 58. Nc3 Qh1+ 59. Kg3 Qg1+ 60. Kf3 Nh7 61. Ra2 Qh1+ 62. Ke3 Qc1+ 0-1

[Event "CYCC U18"]
[Site "Victoria CAN"]
[Date "2005.03.24"]
[Round "1.6"]
[White "Tayar, Jonathan"]
[Black "Verdenik, Chris"]
[Result "1-0"]
[WhiteElo "2115"]
[BlackElo "1115"]
[WhiteFideId "-1"]
[WhiteFideId "-1"]
[PlyCount "29"]
[GameId "2160767910965321"]
[EventDate "2005.03.24"]
[EventType "swiss"]
[EventRounds "7"]
[EventCountry "CAN"]

1. e4 e5 2. Nf3 Nc6 3. Bc4 Nh6 4. c3 d6 5. d4 Qe7 6. h3 g6 7. O-O Bg7 8. Be3 O-O 9. Bg5 Qe8 10. Qd2 Na5 11. Bd3 Nc6 12. Bxh6 Bxh6 13. Qxh6 Nd8 14. Ng5 Qe6 15. Qxh7# 1-0

[Event "CYCC U18"]
[Site "Victoria CAN"]
[Date "2005.03.24"]
[Round "2.3"]
[White "Meng, Fanhao"]
[Black "Tayar, Jonathan"]
[Result "1-0"]
[WhiteElo "2246"]
[BlackElo "2115"]
[WhiteFideId "-1"]
[WhiteFideId "-1"]
[PlyCount "145"]
[GameId "2160767910965324"]
[EventDate "2005.03.24"]
[EventType "swiss"]
[EventRounds "7"]
[EventCountry "CAN"]

1. e4 c5 2. c3 d5 3. exd5 Qxd5 4. d4 Nf6 5. dxc5 Qxc5 6. Na3 Bd7 7. Be3 Qc7 8. Nf3 Nc6 9. Be2 Rd8 10. Qb3 e6 11. Nd4 Nd5 12. Nab5 Qb8 13. Bg5 Rc8 14. O-O Bc5 15. Bf3 Nde7 16. Rad1 a6 17. Na3 b5 18. Nxc6 Bxc6 19. c4 b4 20. Nc2 a5 21. Rd2 O-O 22. Bxe7 a4 23. Qd3 Bxe7 24. Bxc6 Rxc6 25. Qe4 Rc7 26. b3 axb3 27. axb3 Bf6 28. Rfd1 Bc3 29. Rd7 Qa7 30. Rxc7 Qxc7 31. g3 Qa5 32. Ne3 Qa2 33. Qc2 Qa8 34. Rd7 h6 35. Qd3 Bf6 36. h4 Qc6 37. Ng4 Bc3 38. Rd8 Rxd8 39. Qxd8+ Kh7 40. Qd3+ Kg8 41. Ne3 Qf3 42. c5 Qc6 43. Qd8+ Kh7 44. Qd6 Qe4 45. c6 Be5 46. Qc5 f5 47. c7 Bxc7 48. Qxc7 Qb1+ 49. Kg2 Qxb3 50. Qc4 Qxc4 51. Nxc4 g5 52. hxg5 hxg5 53. Kf3 Kg6 54. Ke3 g4 55. Kd4 Kf6 56. Kc5 b3 57. Kb4 f4 58. Kxb3 Kf5 59. Nd2 e5 60. Kc4 e4 61. Kd4 e3 62. fxe3 fxg3 63. Ne4 g2 64. Ng3+ Kg5 65. Ne2 Kh4 66. e4 Kh3 67. e5 Kh2 68. e6 g1=Q+ 69. Nxg1 Kxg1 70. e7 g3 71. e8=Q g2 72. Ke3 Kh1 73. Qh5+ 1-0

[Event "CYCC U18"]
[Site "Victoria CAN"]
[Date "2005.03.25"]
[Round "3.4"]
[White "Tayar, Jonathan"]
[Black "Daswani, Benedict"]
[Result "1-0"]
[WhiteElo "2115"]
[BlackElo "1983"]
[WhiteFideId "-1"]
[WhiteFideId "-1"]
[PlyCount "34"]
[GameId "2160767910965331"]
[EventDate "2005.03.24"]
[EventType "swiss"]
[EventRounds "7"]
[EventCountry "CAN"]

1. e4 g6 2. d4 d6 3. Nc3 c6 4. Bc4 Nf6 5. Qf3 Nbd7 6. Bb3 Bg7 7. Qe2 O-O 8. a4 Qb6 9. Be3 c5 10. d5 Ne5 11. f4 Neg4 12. Bc1 Qb4 13. Bd2 Nh5 14. Nb5 Nxf4 15. Qf3 Nd3+ 16. cxd3 Qxb3 17. Nc3 Qxb2 1-0

[Event "CYCC U18"]
[Site "Victoria CAN"]
[Date "2005.03.25"]
[Round "4.3"]
[White "Yuan, Michael"]
[Black "Tayar, Jonathan"]
[Result "0-1"]
[WhiteElo "2131"]
[BlackElo "2115"]
[WhiteFideId "-1"]
[WhiteFideId "-1"]
[PlyCount "70"]
[GameId "2160767910965336"]
[EventDate "2005.03.24"]
[EventType "swiss"]
[EventRounds "7"]
[EventCountry "CAN"]

1. e4 c5 2. Nc3 d6 3. f4 Nc6 4. Bb5 e6 5. Bxc6+ bxc6 6. Nf3 Ba6 7. d3 d5 8. e5 Ne7 9. O-O h5 10. Nh4 g6 11. Be3 Ng8 12. Bf2 Be7 13. Qe1 Nh6 14. h3 Nf5 15. Nxf5 gxf5 16. Na4 d4 17. Rd1 Rg8 18. b3 Rg6 19. Qe2 Qd5 20. Be1 O-O-O 21. Qf3 Qxf3 22. Rxf3 Rdg8 23. Rd2 c4 24. dxc4 Bb4 25. c3 dxc3 26. Nxc3 Bb7 27. Re2 c5 28. Rff2 Rg3 29. Rc2 Rxh3 30. a3 Ba5 31. Kf1 Rh1+ 32. Ke2 Bxg2 33. b4 cxb4 34. Nb5 b3 35. Nd6+ Kd7 0-1

[Event "CYCC U18"]
[Site "Victoria CAN"]
[Date "2005.03.26"]
[Round "5.1"]
[White "Tayar, Jonathan"]
[Black "Bluvshtein, Mark"]
[Result "0-1"]
[WhiteElo "2115"]
[BlackElo "2526"]
[WhiteFideId "-1"]
[WhiteFideId "-1"]
[PlyCount "48"]
[GameId "2160767910965340"]
[EventDate "2005.03.24"]
[EventType "swiss"]
[EventRounds "7"]
[EventCountry "CAN"]

1. e4 c5 2. Nf3 d6 3. d4 cxd4 4. Nxd4 Nf6 5. Nc3 Nc6 6. Bc4 Bd7 7. Bb3 g6 8. f3 Nxd4 9. Qxd4 Bg7 10. Be3 O-O 11. Qd2 b5 12. a4 b4 13. Nb5 Qa5 14. Nd4 Rfd8 15. O-O a6 16. Qf2 Rab8 17. Rfd1 e5 18. Ne2 Be6 19. Bxe6 fxe6 20. Nc1 Qc7 21. a5 Rdc8 22. Bb6 Qc4 23. Rxd6 Bf8 24. Qd2 Rxb6 0-1

[Event "CYCC U18"]
[Site "Victoria CAN"]
[Date "2005.03.26"]
[Round "6.2"]
[White "Stevens, Christian"]
[Black "Tayar, Jonathan"]
[Result "1-0"]
[WhiteElo "2344"]
[BlackElo "2115"]
[WhiteFideId "-1"]
[WhiteFideId "-1"]
[PlyCount "43"]
[GameId "2160767910965347"]
[EventDate "2005.03.24"]
[EventType "swiss"]
[EventRounds "7"]
[EventCountry "CAN"]

1. e4 c5 2. Nf3 d6 3. c3 Nf6 4. Bc4 e6 5. Qe2 a6 6. Bb3 Be7 7. d4 cxd4 8. cxd4 O-O 9. Nc3 Nfd7 10. O-O b5 11. e5 dxe5 12. dxe5 Nc5 13. Rd1 Qc7 14. Bc2 b4 15. Ne4 Nbd7 16. Nxc5 Nxc5 17. Ng5 g6 18. Nxh7 Kxh7 19. Qh5+ Kg8 20. Bxg6 fxg6 21. Qxg6+ Kh8 22. Rd4 1-0

[Event "CYCC U18"]
[Site "Victoria CAN"]
[Date "2005.03.27"]
[Round "7.4"]
[White "Tayar, Jonathan"]
[Black "Harper, Jamie"]
[Result "1-0"]
[WhiteElo "2115"]
[BlackElo "1606"]
[WhiteFideId "-1"]
[WhiteFideId "-1"]
[PlyCount "33"]
[GameId "2160767910965355"]
[EventDate "2005.03.24"]
[EventType "swiss"]
[EventRounds "7"]
[EventCountry "CAN"]

1. e4 Nf6 2. e5 Nd5 3. d4 d6 4. Bc4 e6 5. Nf3 Nb6 6. Bd3 dxe5 7. dxe5 Be7 8. Nc3 O-O 9. O-O Nc6 10. a3 f6 11. exf6 Bxf6 12. Ne4 Bd7 13. Qe2 Nd4 14. Nxd4 Bxd4 15. Ng5 g6 16. Nxh7 Kxh7 17. Qh5+ 1-0

[Event "Bayview Games Club #12"]
[Site "Toronto CAN"]
[Date "2003.09.08"]
[Round "3"]
[White "Tayar, Jonathan"]
[Black "Cohen, David"]
[Result "1-0"]
[WhiteElo "1779"]
[BlackElo "1892"]
[WhiteFideId "-1"]
[WhiteFideId "-1"]
[PlyCount "63"]
[GameId "2160767911276728"]
[EventDate "2003.08.25"]
[EventType "tourn"]
[EventRounds "5"]
[EventCountry "CAN"]

1. e4 c5 2. Nf3 d6 3. d4 cxd4 4. Nxd4 Nf6 5. Nc3 Nc6 6. Bc4 e6 7. Bb3 a6 8. O-O Be7 9. f4 Qc7 10. Kh1 Bd7 11. f5 e5 12. Nde2 b5 13. a3 Rc8 14. Bg5 Na5 15. Bxf6 gxf6 16. Nd5 Qa7 17. Nec3 Nxb3 18. cxb3 Bc6 19. Qg4 Bxd5 20. Nxd5 Kd7 21. Qg7 Rcf8 22. Rfd1 Qf2 23. Rg1 Qh4 24. Rac1 Bd8 25. Qg3 Qxe4 26. Qc3 Qxd5 27. Qc8+ Ke8 28. Rgd1 Qxd1+ 29. Rxd1 Rfg8 30. Rxd6 Ke7 31. Qd7+ Kf8 32. Qxd8+ 1-0

[Event "Titled Tuesday 2025.06.03 Late"]
[Site "Chess.com INT"]
[Date "2025.06.03"]
[Round "1"]
[White "Murzin, Volodar"]
[Black "Tayar, Jonathan"]
[Result "1-0"]
[WhiteElo "2658"]
[BlackElo "2325"]
[WhiteFideId "-1"]
[WhiteFideId "-1"]
[PlyCount "51"]
[GameId "2186968587963407"]
[EventDate "2025.06.03"]
[EventType "swiss (blitz)"]
[EventRounds "11"]
[EventCountry "NET"]
[SourceTitle "Mega2025 Update 32"]
[Source "Chessbase"]
[SourceDate "2025.06.12"]
[SourceVersion "1"]
[SourceVersionDate "2025.06.12"]
[SourceQuality "1"]

1. e4 c5 2. Nf3 d6 3. Bb5+ Bd7 4. c4 Nc6 5. Nc3 g6 6. O-O Bg7 7. Bxc6 bxc6 8. e5 dxe5 9. Re1 f6 10. Na4 Nh6 11. Nxc5 O-O 12. d4 Bg4 13. h3 Bxf3 14. Qxf3 Qxd4 15. Ne6 Qxc4 16. Nxf8 Bxf8 17. b3 Qd5 18. Rd1 Qe6 19. Be3 Nf5 20. Rac1 e4 21. Qe2 Nxe3 22. Qxe3 a5 23. Qb6 a4 24. Rxc6 Qe5 25. bxa4 Rxa4 26. Qb3+ 1-0

[Event "Titled Tuesday 2025.06.03 Late"]
[Site "Chess.com INT"]
[Date "2025.06.03"]
[Round "2"]
[White "Tayar, Jonathan"]
[Black "Vifleemskaia, Svetlana"]
[Result "1-0"]
[WhiteElo "2325"]
[BlackElo "1942"]
[WhiteFideId "-1"]
[WhiteFideId "-1"]
[PlyCount "59"]
[GameId "2186968588049604"]
[EventDate "2025.06.03"]
[EventType "swiss (blitz)"]
[EventRounds "11"]
[EventCountry "NET"]
[SourceTitle "Mega2025 Update 32"]
[Source "Chessbase"]
[SourceDate "2025.06.12"]
[SourceVersion "1"]
[SourceVersionDate "2025.06.12"]
[SourceQuality "1"]

1. e4 e5 2. Nf3 Nc6 3. Nc3 Nf6 4. d4 exd4 5. Nd5 Bb4+ 6. Nxb4 Nxb4 7. e5 Qe7 8. Be2 Ne4 9. O-O O-O 10. Qxd4 d5 11. exd6 Nxd6 12. Bd1 Nc6 13. Qa4 Qe4 14. Qa3 h6 15. Re1 Qb4 16. Qxb4 Nxb4 17. a3 Nc6 18. b3 Bf5 19. Bb2 Rfe8 20. Rxe8+ Rxe8 21. Kf1 f6 22. Rc1 Ne4 23. h3 Kf7 24. Be2 a6 25. Bd3 Nd6 26. Be2 Ne4 27. Nh4 Be6 28. Bh5+ Kf8 29. Bxe8 Kxe8 30. Re1 1-0

[Event "Titled Tuesday 2025.06.03 Late"]
[Site "Chess.com INT"]
[Date "2025.06.03"]
[Round "3"]
[White "Saidov, Bilukhadzh"]
[Black "Tayar, Jonathan"]
[Result "1-0"]
[WhiteElo "2309"]
[BlackElo "2325"]
[WhiteFideId "-1"]
[WhiteFideId "-1"]
[PlyCount "77"]
[GameId "2186968588139923"]
[EventDate "2025.06.03"]
[EventType "swiss (blitz)"]
[EventRounds "11"]
[EventCountry "NET"]
[SourceTitle "Mega2025 Update 32"]
[Source "Chessbase"]
[SourceDate "2025.06.12"]
[SourceVersion "1"]
[SourceVersionDate "2025.06.12"]
[SourceQuality "1"]

1. d4 Nf6 2. Nf3 g6 3. Bf4 Bg7 4. e3 d6 5. h3 O-O 6. Be2 Nbd7 7. O-O c5 8. c4 Qa5 9. Nc3 a6 10. d5 b5 11. cxb5 axb5 12. Nxb5 Rb8 13. a4 Bb7 14. Bc4 Nb6 15. b3 Nfxd5 16. Rc1 Nxf4 17. exf4 Nxc4 18. Rxc4 Ba6 19. Re1 Bf6 20. f5 Bxb5 21. axb5 Qxb5 22. fxg6 hxg6 23. Re3 Ra8 24. Qd5 Kg7 25. g4 Ra7 26. g5 Ba1 27. Rce4 Re8 28. h4 Qb7 29. Qd2 d5 30. Rf4 e5 31. Rg4 e4 32. h5 gxh5 33. Rh4 Qb4 34. Qxd5 Bd4 35. Rhxe4 Rxe4 36. Rxe4 Ra1+ 37. Kg2 Qb5 38. Nh2 Qd3 39. Rf4 1-0

[Event "Titled Tuesday 2025.06.03 Late"]
[Site "Chess.com INT"]
[Date "2025.06.03"]
[Round "4"]
[White "Tayar, Jonathan"]
[Black "Petrus, Adrian"]
[Result "1-0"]
[WhiteElo "2325"]
[BlackElo "2203"]
[WhiteFideId "-1"]
[WhiteFideId "-1"]
[PlyCount "43"]
[GameId "2186968588185073"]
[EventDate "2025.06.03"]
[EventType "swiss (blitz)"]
[EventRounds "11"]
[EventCountry "NET"]
[SourceTitle "Mega2025 Update 32"]
[Source "Chessbase"]
[SourceDate "2025.06.12"]
[SourceVersion "1"]
[SourceVersionDate "2025.06.12"]
[SourceQuality "1"]

1. e4 e5 2. Nf3 Nc6 3. Bc4 Nf6 4. Ng5 d5 5. exd5 Na5 6. Bb5+ c6 7. dxc6 bxc6 8. Qf3 Bb7 9. Bd3 c5 10. Bb5+ Ke7 11. Qe2 Qd5 12. f3 h6 13. Nc3 Qd6 14. Nge4 Nxe4 15. fxe4 Qd4 16. d3 a6 17. Ba4 g6 18. Be3 Qd6 19. O-O Bg7 20. Qf2 Qe6 21. Bxc5+ Kd8 22. Bb6+ 1-0

[Event "Titled Tuesday 2025.06.03 Late"]
[Site "Chess.com INT"]
[Date "2025.06.03"]
[Round "5"]
[White "Tayar, Jonathan"]
[Black "Ferraz, Michel Liah"]
[Result "1-0"]
[WhiteElo "2325"]
[BlackElo "1998"]
[WhiteFideId "-1"]
[WhiteFideId "-1"]
[PlyCount "37"]
[GameId "2186968588254872"]
[EventDate "2025.06.03"]
[EventType "swiss (blitz)"]
[EventRounds "11"]
[EventCountry "NET"]
[SourceTitle "Mega2025 Update 32"]
[Source "Chessbase"]
[SourceDate "2025.06.12"]
[SourceVersion "1"]
[SourceVersionDate "2025.06.12"]
[SourceQuality "1"]

1. e4 c5 2. Nc3 Nc6 3. Nf3 g6 4. d4 cxd4 5. Nxd4 Nf6 6. Nxc6 dxc6 7. Qxd8+ Kxd8 8. Bf4 Bg7 9. Bc4 Nh5 10. O-O-O+ Bd7 11. Be3 Ke8 12. Bxf7+ Kxf7 13. Rxd7 b5 14. g4 Nf6 15. Rc7 Nxg4 16. Bc5 Rhc8 17. Rxe7+ Kg8 18. h3 Nxf2 19. Bxf2 1-0

[Event "Titled Tuesday 2025.06.03 Late"]
[Site "Chess.com INT"]
[Date "2025.06.03"]
[Round "6"]
[White "Kaczur, Florian"]
[Black "Tayar, Jonathan"]
[Result "1-0"]
[WhiteElo "2500"]
[BlackElo "2325"]
[WhiteFideId "-1"]
[WhiteFideId "-1"]
[PlyCount "95"]
[GameId "2186968588357493"]
[EventDate "2025.06.03"]
[EventType "swiss (blitz)"]
[EventRounds "11"]
[EventCountry "NET"]
[SourceTitle "Mega2025 Update 32"]
[Source "Chessbase"]
[SourceDate "2025.06.12"]
[SourceVersion "1"]
[SourceVersionDate "2025.06.12"]
[SourceQuality "1"]

1. e4 c5 2. d4 cxd4 3. Nf3 d6 4. Nxd4 Nf6 5. Nd2 Nc6 6. c3 e5 7. N4f3 Be7 8. Bd3 d5 9. O-O O-O 10. Qe2 Bg4 11. h3 Bh5 12. Rd1 d4 13. Nf1 Qb6 14. Ng3 Bg6 15. Nh4 Rfd8 16. Nhf5 Bf8 17. Bg5 dxc3 18. bxc3 Na5 19. Rab1 Qc6 20. c4 b6 21. Rb5 Nxc4 22. Bxc4 Rxd1+ 23. Qxd1 Qxc4 24. Rxe5 Qxa2 25. h4 Bc5 26. Qf3 Bxf2+ 27. Kh2 Qa1 28. Bxf6 gxf6 29. Ne7+ Kg7 30. Nh5+ Bxh5 31. Rxh5 Qg1+ 32. Kh3 Qh1+ 33. Kg4 Bd4 34. Nf5+ Kh8 35. Nxd4 Rg8+ 36. Kf5 Rxg2 37. Kxf6 Qg1 38. Nf5 Rg6+ 39. Ke7 Qc5+ 40. Kxf7 Qc7+ 41. Ne7 Rg7+ 42. Ke6 Qxe7+ 43. Kf5 Rf7+ 44. Kg4 Rxf3 45. Kxf3 Qa3+ 46. Kf4 Qb4 47. Rd5 Qd2+ 48. Rxd2 1-0

[Event "Titled Tuesday 2025.05.20 Late"]
[Site "Chess.com INT"]
[Date "2025.05.20"]
[Round "1"]
[White "Tayar, Jonathan"]
[Black "Aravindh, Chithambaram VR"]
[Result "1-0"]
[WhiteElo "2325"]
[BlackElo "2749"]
[WhiteFideId "-1"]
[WhiteFideId "-1"]
[PlyCount "77"]
[GameId "2181912641222274"]
[EventDate "2025.05.20"]
[EventType "swiss (blitz)"]
[EventRounds "11"]
[EventCountry "NET"]
[SourceTitle "Mega2025 Update 30"]
[Source "Chessbase"]
[SourceDate "2025.05.29"]
[SourceVersion "1"]
[SourceVersionDate "2025.05.29"]
[SourceQuality "1"]

1. e4 c5 2. Nf3 a6 3. c4 Nc6 4. d4 cxd4 5. Nxd4 e6 6. Nc3 Qc7 7. a3 Nf6 8. Be3 b6 {now scores much better than the old 8...Be7. punktet besser als das ältere 8...Le7.} 9. Rc1 Bb7 10. Nd5 $146 (10. f3 Nxd4 11. Qxd4 Bc5 12. Qd2 O-O 13. Be2 d5 14. cxd5 exd5 15. Bxc5 bxc5 16. exd5 {0-1 Deac,B (2679)-Nakamura,H (2736) Chess.com Rapid Wk2 Swiss Chess.com INT 2022 (1)}) 10... exd5 11. cxd5 Bc5 12. dxc6 dxc6 13. b4 Bxd4 14. Qxd4 O-O 15. f3 c5 16. bxc5 Rfd8 17. Qc3 Rac8 18. Bc4 bxc5 19. O-O Rd7 20. Rcd1 Rcd8 21. Rxd7 Rxd7 22. Bg5 Qd8 23. e5 h6 24. Bxf6 gxf6 25. e6 Rd4 26. exf7+ Kg7 27. Re1 Bc6 28. Be6 Qd6 29. Bc4 Bd5 30. Bxd5 Qxd5 31. f8=Q+ Kxf8 32. Qe3 Kg7 33. Qe7+ Kg6 34. Qe8+ Qf7 35. Qc8 Rd5 36. h3 Qd7 37. Qg8+ Qg7 38. Qxd5 Qc7 39. Qg8+ 1-0

[Event "Titled Tuesday 2025.05.20 Late"]
[Site "Chess.com INT"]
[Date "2025.05.20"]
[Round "4"]
[White "Azizoglu, Ferzan"]
[Black "Tayar, Jonathan"]
[Result "0-1"]
[WhiteElo "2055"]
[BlackElo "2325"]
[WhiteFideId "-1"]
[WhiteFideId "-1"]
[PlyCount "90"]
[GameId "2181912641423452"]
[EventDate "2025.05.20"]
[EventType "swiss (blitz)"]
[EventRounds "11"]
[EventCountry "NET"]
[SourceTitle "Mega2025 Update 30"]
[Source "Chessbase"]
[SourceDate "2025.05.29"]
[SourceVersion "1"]
[SourceVersionDate "2025.05.29"]
[SourceQuality "1"]

1. e4 c5 2. Nf3 d6 3. c3 Nf6 4. Bd3 g6 5. h3 Bg7 6. O-O O-O 7. Bc2 b6 8. Re1 {was the old line (8.d4). war die alte Variante (8.d4).} Bb7 9. d4 Qc7 10. d5 $146 (10. a4 e6 11. Na3 a6 12. Bf4 Nh5 13. Bh2 e5 14. Qd2 Nc6 15. d5 Ne7 16. g4 {1-0 Sorbe,S (2343)-Van de Poel,T (1881) Vlissingen HZ op 26th 2024 (1)}) 10... b5 11. Bg5 Nbd7 12. Nbd2 a5 13. Nf1 a4 14. Qd2 a3 15. b3 Rfe8 16. Bh6 Bh8 17. Ng3 Qb6 18. c4 bxc4 19. bxc4 Ba6 20. Rab1 Qc7 21. Bb3 Reb8 22. Qf4 Rb4 23. Rbc1 Re8 24. Nf5 Nh5 25. Qh4 Bf6 26. Bg5 Bc8 27. Nh6+ Kg7 28. Ng4 Bxg5 29. Qxg5 Nhf6 30. Qh6+ Kg8 31. Ng5 Nf8 32. Ne3 Qb6 33. Kh2 Nh5 34. g4 Nf4 35. Nxh7 Nd3 36. Ng5 Nxc1 37. Rxc1 Rxb3 38. axb3 Qxb3 39. Nf5 Bxf5 40. gxf5 Qb2 41. Rg1 Qxf2+ 42. Rg2 Qf4+ 43. Rg3 Rb8 44. h4 Rb3 45. Kh3 Qxg3# 0-1